000 01527cam a2200193 4500
001 L130242
008 050704n2005 000 0 eng u
035 _a(Sirsi) u130242
041 _aeng
100 _aGoodchild, Barry
245 _aHousing design
_ba survey and literature review
260 _aLondon
_bRICS
_c2005
300 _a8p
520 _aProfessor Barry Goodchild's study reports on the results of a postal survey of over 150 chartered surveyor estate agents on the factors influencing house purchasers in their choice of property. It examines the extent to which developers are meeting consumer desires and the ways in which the design and development process might be improved. The most important factors are price, location and the characteristics of the local environment followed by the type and design of the dwelling. Less important factors are a property's capital appreciation and the reputation of the developer. The most important location issues for consumers are good quality schools, well-maintained properties and the absence of graffiti and vandalism with an area's attractive appearance and postcode status also important. The least important issues are access to good restaurants and shops and the presence of high value property in the area.
590 _aIKA190705
690 _aPROPERTY-RESIDENTIAL PROPERTY-RESIDENTIAL PROPERTY DEVELOPMENT
856 _uhttps://www.rics.org/RICSWEB/getpage.aspx?p=DFirzBn9s0KyWRb96r9UCw
_zView the study free of charge at www.rics.org...
942 _n0
999 _c104408
_d104408